Statistics for Formula One Trivia - Medium

Click here to take the quiz!

General Stats

  • This quiz has been taken 176 times
  • The average score is 10 of 15

Answer Stats

HintAnswer% Correct
What is the nationality of the 2010 World Driver's Champion?German
98%
What was the points winning margin in the 2008 World Driver's Championship?1
92%
What country was hosting the race where Romain Grosjean had his infamous fireball crash in 2020?Bahrain
83%
Who is the only Polish driver to win a Grand Prix?Robert Kubica
83%
Who is the only driver to have exactly five World Driver's Championships?Juan Manuel Fangio
79%
What does "DRS" stand for?Drag Reduction System
78%
Ferrari won the 2007 Constructor's Championship with Kimi Raikkonen and which other driver?Felipe Massa
77%
In terms of distance, what is the longest track on the current F1 calendar?Spa
77%
The wife of Mercedes boss Toto Wolff was a development and test driver for Williams from 2012 to 2015. What is her first name?Susie
74%
The famous "130R" corner can be found at which circuit?Suzuka
69%
Which team gave Michael Schumacher his Formula One debut?Jordan
64%
Who was Scotland's first World Driver's Champion?Jim Clark
55%
Kimi Raikkonen missed a presentation at the 2006 Brazilian GP from which famous person, because he was "having a s**t"?Pele
47%
What is the name of the team owner who gave Lewis Hamilton his break in Formula One?Ron Dennis
46%
All F1 drivers wear a "HANS device" for safety reasons, what does "HANS" stand for?Head and Neck Support
27%

Score Distribution

Percentile by Number Answered

Percent of People with Each Score

Your Score History

You have not taken this quiz